Método de investigación para el profesorado (Registro nro. 4733)

Detalles MARC
000 -LEADER
fixed length control field 00944 a2200217 4500
001 - CONTROL NUMBER
control field 48798
005 - DATE AND TIME OF LATEST TRANSACTION
control field 20260407155754.0
008 - FIXED-LENGTH DATA ELEMENTS--GENERAL INFORMATION
fixed length control field 260407a1997 arg spa d
003 - CONTROL NUMBER IDENTIFIER
control field AR-UNSa-BCEJYS
040 ## - CATALOGING SOURCE
Original cataloging agency AR-UNSa-BCEJYS
Language of cataloging spa
Transcribing agency AR-UNSa-BCEJYS
080 ## - UNIVERSAL DECIMAL CLASSIFICATION NUMBER
Universal Decimal Classification number 37.012
Common auxiliary subdivision Métodos de investigaciones educativas. Métodos de observación en pedagogía
020 ## - INTERNATIONAL STANDARD BOOK NUMBER
International Standard Book Number 84-7112-332-0
100 1# - MAIN ENTRY--PERSONAL NAME
Personal name Walker, Rob
245 10 - TITLE STATEMENT
Title Método de investigación para el profesorado
250 ## - EDITION STATEMENT
Edition statement 2a.ed.
264 #1 - PRODUCTION, PUBLICATION, DISTRIBUTION, MANUFACTURE, AND COPYRIGHT NOTICE
Place of production, publication, distribution, manufacture Madrid :
Name of producer, publisher, distributor, manufacturer Ediciones Morata
Date of production, publication, distribution, manufacture, or copyright notice 1997
300 ## - PHYSICAL DESCRIPTION
Extent 233 p.
Dimensions 21 cm.
505 ## - FORMATTED CONTENTS NOTE
Formatted contents note 1. Investigación aplicada y los problemas de diseño del curso - 2. Tareas y procedimientos - 3. Métodos, cuestiones y problemas - 4. Técnicas de investigación - 5. Tratamientos de los datos y presentación de informes de investigación - 6. La formación de una comunidad de usuarios entendidos.
590 ## - LOCAL NOTE (RLIN)
Local note niveau_biblio:m niveau_hierar:0
942 ## - ADDED ENTRY ELEMENTS (KOHA)
Koha item type
Existencias
Withdrawn status Lost status Damaged status Not for loan Home library Current library Shelving location Date acquired Total checkouts Full call number Barcode Date last seen Price effective from Koha item type
        Biblioteca Prof. Eusebio Cleto del Rey Biblioteca Prof. Eusebio Cleto del Rey   07/04/2026   37.012 W177 2ed. L70373 07/04/2026 07/04/2026 Libro
        Biblioteca Prof. Eusebio Cleto del Rey Biblioteca Prof. Eusebio Cleto del Rey   07/04/2026   37.012 W177 2ed. L70374 07/04/2026 07/04/2026 Libro